Harold Lloyd the third genius.

Ένα πορτρέτο του Harold Lloyd, γιου του Foxy Lloyd. Περιλαμβάνονται αποσπάσματα από τις ταινίες "The old monk's tale" (1913), "Look out below" (1918), και "Haunted spooks" (1919). Συνεντεύξεις με τον σκηνοθέτη Hal Roach και τους ηθοποιούς Jack Lemmon και Mildred Da...

Full description

Saved in:
Bibliographic Details
Other Authors: Anderson, Lindsay, 1923-1994 (Narrator)
Format: Slide
Language:English
Published: London : Connoisseur Video, c1996.
Subjects:
Tags: Add Tag
No Tags, Be the first to tag this record!

MARC

LEADER 00000cgm a2200000 i 4500
001 1/23665
008 121025s1994 enk||| | || ||eng||
035 |l 10113286 
040 |a GR-MyUa  |b gre  |e AACR2 
041 0 |a eng 
082 7 |a 927.914   |2 (22) 
245 0 0 |a Harold Lloyd   |h [μαγνητοσκόπηση] :   |b the third genius. 
260 |a London :   |b Connoisseur Video,   |c c1996. 
300 |a 1 βιντεοκασέτα (110 λεπτ.) :   |b ομίλ., ασπρόμ. & έγχρ. ;   |c 1/2 ίν. 
508 |a Σενάριο, παραγωγή, Kevin Brownlow & David Gill ; μουσική, Carl Davis ; μοντάζ, Peter Gray. 
511 0 |a Αφήγηση, Lindsay Anderson. 
520 8 |a Ένα πορτρέτο του Harold Lloyd, γιου του Foxy Lloyd. Περιλαμβάνονται αποσπάσματα από τις ταινίες "The old monk's tale" (1913), "Look out below" (1918), και "Haunted spooks" (1919). Συνεντεύξεις με τον σκηνοθέτη Hal Roach και τους ηθοποιούς Jack Lemmon και Mildred Davis 
546 |a Στα αγγλικά. 
600 1 0 |a Lloyd, Harold,   |d 1893-1971. 
650 0 0 |a Motion picture actors and actresses  |z United States  |x Biography. 
650 0 0 |a Comedians  |z United States  |x Biography. 
700 1 |a Anderson, Lindsay,   |d 1923-1994,  |e nrt 
852 |a INST  |b SYROS  |c AV  |e 20121025  |h 927.914 LLO  |p 005500010475  |q 005500010475  |t VC  |y 23 
901 |a BIBL5-2008-1 
920 |a ΑΝΑΜΟΡΦΩΣΗ  |b ΕΠΕΑΕΚ ΙΙ-ΤΜΣΠΣ  |y Σύρος  |z 2006-06 
970 |a Κοντού  |b Παρασκευή  |z 25/10/2012